000 00513pab a2200169 454500
008 180718b2009 xxu||||| |||| 00| 0 eng d
100 _aKaul, J.L.
245 _aRevisiting award of compensation for violation of fundamental human rights: An analysis of Indian Supreme Court decision
260 _c2009
300 _ap.185-211.
362 _aJul-Dec
650 _aHuman rights
700 _aTikoo, Anju Vali
773 _aJournal of Constitutional and Parliamentary Studies
908 _aN
909 _a89488
999 _c89488
_d89488